| 000 | 00703cab a2200241 4500 | ||
|---|---|---|---|
| 001 | ABS52026 | ||
| 008 | 090401t1995 xxu||||| |||| 00| 0 eng d | ||
| 035 | _a(Sirsi) u55270 | ||
| 041 | _aeng | ||
| 100 | _aFarndale, N. | ||
| 245 | _aGoing, going, gone? | ||
| 260 | _c1995 | ||
| 350 | _a0 | ||
| 490 |
_aCountry Life _v589(3) 19 January 1995, 26-29(3) |
||
| 520 | _aDiscusses the effects of the disappearance of traditional livestock auctions in favour of electronic livestock marts. | ||
| 650 | _aELECTRONIC LIVESTOCK MARTS | ||
| 650 | _aLIVESTOCK AUCTIONS | ||
| 650 | _aLIVESTOCK MARTS | ||
| 650 | _aSOCIAL EFFECTS | ||
| 690 |
_aAuctioneering _96218 |
||
| 942 | _n0 | ||
| 948 | _c04/03/1997 | ||
| 999 |
_c33760 _d33760 |
||